Controlling môže byť efektívnym nástrojom riadenia firmy

Charakteristika controllingu. Význam controllingu. Nedostatočné využitie controllingu v slovenských firmách. Význam controllingu pri efektívnom riadení nákladov. Controlling môže byť strategický, aj operatívny. Controlling v počítačovom systéme.

Enregistré dans:
Détails bibliographiques
Auteur principal: Začková, Katarína
Format: Chapitre de livre
Langue:slovaque
Sujets:
Tags: Ajouter un tag
Pas de tags, Soyez le premier à ajouter un tag!

MARC

LEADER 00000naa a2200000 4500
001 r034148
005 20230921103328.1
041 0 |a slo 
044 |a SK 
245 1 0 |a Controlling môže byť efektívnym nástrojom riadenia firmy  |c Katarína Začková 
520 |a Charakteristika controllingu. Význam controllingu. Nedostatočné využitie controllingu v slovenských firmách. Význam controllingu pri efektívnom riadení nákladov. Controlling môže byť strategický, aj operatívny. Controlling v počítačovom systéme. 
610 2 0 |a kontroling 
610 2 0 |a kontroling operatívny 
610 2 0 |a firmy 
610 2 0 |a riadenie podnikové 
610 2 0 |a náklady 
610 2 0 |a Slovensko 
610 2 0 |a kontroling strategický 
100 1 |a Začková, Katarína